| 000 | 00512nam a2200169Ia 4500 | ||
|---|---|---|---|
| 008 | 240729s9999 xx 000 0 und d | ||
| 022 | _a2731-426X | ||
| 245 | 0 | _anpj Ocean Sustainability | |
| 260 | _aUnited Kingdom | ||
| 260 | _bNature Portfolio | ||
| 650 | _a Environmental sciences | ||
| 650 | _a Oceanography | Geography. Anthropology. Recreation | ||
| 650 | _aGeography. Anthropology. Recreation | ||
| 856 | _uhttps://doaj.org/toc/2013feed19f24718a6983102f54d3e0c | ||
| 942 | _2ddc | ||
| 942 | _cDOAJEJ | ||
| 999 |
_c74192 _d74192 |
||
| 945 |
_a1 _bMadushi Gamage _c1 _dMadushi Gamage |
||